000 00565nam a2200217 a 4500
001 11573
003 CO-ViMGA
008 141112s2004 ck r 000 u spa d
020 _a8477022313
040 _aCO-ViMGA
_bspa
_cCO-ViMGA
082 _a843.8 L37f
100 1 _aLeroux, Gaston
_95347
245 1 0 _aEl Fantasma de la opera
260 _aMadrid,
_cValdemar,
_c1998
300 _a318 p.
490 _aTus libros - intrig y 138
650 1 4 _aMUERTE - NOVELA
_94876
650 1 4 _aNOVELA FRANCESA
_92629
650 1 4 _aOPERA - NOVELA
_95348
942 _2ddc
_cBK
999 _c10755
_d10755